000 00294nam a22001337a 4500
008 181009b xxu||||| |||| 00| 0 eng d
020 _a060642892
041 _aeng
080 _a159.9
100 _a50
101 _aPSI
245 _aClinical Child Psychology
_cLahey.B
942 _2udc
_cBK
999 _c49226
_d49226